000 00296nam a2200121Ia 4500
008 220216s9999 xx 000 0 und d
100 _aHockney H L
245 0 _aCloth dyeing for rubber proofing
260 _bIRI Transactions
_c1927
300 _a435-445
650 _aCloth dyeing
942 _cJS
999 _c55791
_d55791